000 00582nam a2200229Ia 4500
003 OSt
005 20221005124615.0
006 a|||||r|||| 00| 0
007 ta
008 221004b |||||||| |||| 00| 0 kan d
024 _a61660
037 _cTextual
040 _aCRL
_cCRL
_bkan
041 _2kan
_akan
082 _aO33,5NKR1,1, J2
100 _aKrishna Au.
245 0 _aNanna apsare mattu mugudeyar patragalu
260 _c1952
650 _aKANNAD LITERATURE
942 _hO33,5NKR1,1, J2
_cTEXL
_2cc
999 _c1050985
_d1050985